[Event "Int. Stuttgarter Stadtmeisterschaft B"]
[Site "Ditzingen"]
[Date "2012.05.18"]
[Round "4.43"]
[White "Ludwig, Siegfried"]
[Black "Beutler, Kevin"]
[Result "0-1"]
[WhiteElo "1674"]
[BlackElo "1585"]
[PlyCount "74"]
[EventDate "2012.??.??"]

1. e4 c5 2. Bc4 e5 3. Qh5 Qe7 4. Nc3 Nf6 5. Qh4 Nc6 6. Nf3 Nb4 7. O-O Nxc2 8.
Rb1 Nd4 9. Ne1 d6 10. d3 Be6 11. Bg5 Bxc4 12. dxc4 Qe6 13. b3 Be7 14. f4 exf4
15. Rxf4 Nd7 16. Nd5 Bxg5 17. Qxg5 O-O 18. Rb2 Qe5 19. Qxe5 Nxe5 20. Rbf2 Rae8
21. h4 Ng6 22. Rg4 h5 23. Rg3 Rxe4 24. Kf1 Rxh4 25. Rd2 Re8 26. Nf3 Nxf3 27.
gxf3 Re5 28. Rdg2 Kh7 29. f4 Rf5 30. Rf2 Nxf4 31. Ke1 Re5+ 32. Ne3 Nd3+ 33. Ke2
Nxf2 34. Kxf2 f5 35. Ng2 Rd4 36. Ne1 Rd2+ 37. Kf1 Rd1 0-1

[Event "Int. Stuttgarter Stadtmeisterschaft B"]
[Site "Ditzingen"]
[Date "2012.05.18"]
[Round "4.44"]
[White "Lebeda, Lukas"]
[Black "Malheur, Lothar"]
[Result "1-0"]
[WhiteElo "1672"]
[BlackElo "1376"]
[PlyCount "75"]
[EventDate "2012.??.??"]

1. c4 Nf6 2. Nc3 g6 3. Nf3 Bg7 4. d4 c6 5. e4 Qa5 6. Bd2 Qc7 7. Bd3 d6 8. O-O
Bg4 9. h3 Bxf3 10. Qxf3 O-O 11. g4 Rd8 12. d5 Na6 13. Rac1 Nc5 14. Bb1 Nfd7 15.
Qg3 Ne5 16. b3 a5 17. f4 Ned7 18. f5 Nf6 19. g5 Nh5 20. Qf3 Be5 21. Ne2 Nd7 22.
fxg6 hxg6 23. Qxf7+ Kh8 24. Qxg6 Qb6+ 25. Kg2 Ng7 26. Qh6+ Kg8 27. g6 Nf6 28.
Rxf6 exf6 29. Qh7+ Kf8 30. Bh6 f5 31. Rf1 Ke7 32. Bxg7 Kd7 33. Bxe5+ Kc8 34.
Bd4 c5 35. Bf6 Rd7 36. Qg8+ Rd8 37. Qxd8+ Qxd8 38. Bxd8 1-0

[Event "Int. Stuttgarter Stadtmeisterschaft B"]
[Site "Ditzingen"]
[Date "2012.05.18"]
[Round "4.45"]
[White "Haro, Niel"]
[Black "Mejerski, Stephan"]
[Result "1/2-1/2"]
[WhiteElo "1528"]
[BlackElo "1652"]
[PlyCount "64"]
[EventDate "2012.??.??"]

1. d4 f5 2. e3 Nf6 3. Nf3 e6 4. Nc3 c6 5. h3 d5 6. Bd3 Bd6 7. Bd2 O-O 8. Qe2
Bd7 9. g4 Ne4 10. O-O-O Be8 11. gxf5 exf5 12. Rdg1 Bh5 13. Rg2 Nd7 14. Qd1 b5
15. Be2 a5 16. Rhg1 g6 17. Ng5 Bxe2 18. Qxe2 Nxg5 19. Rxg5 Rf7 20. Qh5 Nf8 21.
Rxf5 Rxf5 22. Qxf5 Ra7 23. f4 Kh8 24. Qg5 Qd7 25. Qg3 Qf5 26. Qf3 Ne6 27. Ne2
Re7 28. Rg4 b4 29. Ng3 Qf7 30. Ne2 Qf5 31. h4 a4 32. Ng3 Qf7 1/2-1/2

[Event "Int. Stuttgarter Stadtmeisterschaft B"]
[Site "Ditzingen"]
[Date "2012.05.18"]
[Round "4.46"]
[White "Greth, Andreas"]
[Black "Gheng, Dominik"]
[Result "1-0"]
[WhiteElo "1388"]
[BlackElo "1648"]
[PlyCount "53"]
[EventDate "2012.??.??"]

1. e4 c5 2. f4 d6 3. Nf3 Nc6 4. Bb5 Bd7 5. O-O a6 6. Bxc6 Bxc6 7. d3 e6 8. Qe1
Ne7 9. Nc3 g6 10. Bd2 Bg7 11. Rb1 a5 12. Qg3 O-O 13. Kh1 b5 14. h4 h5 15. Qh3
Bd7 16. g4 e5 17. f5 hxg4 18. Qxg4 gxf5 19. Qh5 f6 20. Bh6 Rf7 21. Rg1 fxe4 22.
Bxg7 Rxg7 23. Rxg7+ Kxg7 24. Rg1+ Kf8 25. Nxe4 Nc8 26. Qh7 Be6 27. Qg7+ 1-0

[Event "Int. Stuttgarter Stadtmeisterschaft B"]
[Site "Ditzingen"]
[Date "2012.05.18"]
[Round "4.48"]
[White "Awiszus, Thomas"]
[Black "Weisensel, Wolfgang"]
[Result "1-0"]
[WhiteElo "1610"]
[BlackElo "1685"]
[PlyCount "63"]
[EventDate "2012.??.??"]

1. Nf3 d5 2. g3 Nf6 3. d4 e6 4. Bg2 Nbd7 5. O-O Bd6 6. Nbd2 O-O 7. c4 c6 8. Qc2
Re8 9. e4 dxe4 10. Nxe4 Nxe4 11. Qxe4 Nf6 12. Qc2 h6 13. b3 Bd7 14. Bb2 Be7 15.
Rad1 Rc8 16. Ne5 Qc7 17. Qd2 Rcd8 18. Qe3 b6 19. Qf3 Rc8 20. Bc1 Rf8 21. Bf4
Qd8 22. Rd3 Qe8 23. Rfd1 g5 24. Bc1 Rc7 25. h4 Nh7 26. hxg5 hxg5 27. Qh5 f5 28.
Qh2 Bf6 29. g4 Bc8 30. Rh3 Bb7 31. Nxc6 Bxc6 32. Qxc7 1-0

[Event "Int. Stuttgarter Stadtmeisterschaft B"]
[Site "Ditzingen"]
[Date "2012.05.18"]
[Round "4.49"]
[White "Baric, Andrej"]
[Black "Zeitler, Waldemar"]
[Result "0-1"]
[WhiteElo "1674"]
[BlackElo "1596"]
[PlyCount "171"]
[EventDate "2012.??.??"]

1. d4 d5 2. c4 e6 3. Nf3 Nf6 4. Nc3 c6 5. c5 Nbd7 6. Bg5 Be7 7. e3 h6 8. Bh4
Ne4 9. Bxe7 Qxe7 10. Nxe4 dxe4 11. Nd2 Nf6 12. Qc2 e5 13. dxe5 Qxe5 14. Bc4 O-O
15. O-O Be6 16. Bxe6 Qxe6 17. Rfd1 Rad8 18. Nf1 Rd5 19. Rxd5 cxd5 20. Rc1 Qc6
21. Ng3 g6 22. Ne2 a6 23. Nd4 Qc7 24. c6 Qb6 25. cxb7 Qxb7 26. b3 Rb8 27. Qc6
Nd7 28. Qxb7 Rxb7 29. Rc8+ Kg7 30. g3 Rb6 31. Rc7 Rd6 32. Nc6 Kf6 33. Nb4 Ne5
34. Ra7 d4 35. exd4 Nf3+ 36. Kg2 Rxd4 37. Rxa6+ Kg7 38. Nc2 Rd1 39. b4 Rg1+ 40.
Kh3 h5 41. Rd6 Rh1 42. Kg2 Rg1+ 43. Kh3 g5 44. Ne3 f6 45. b5 Rh1 46. Kg2 Rxh2+
47. Kf1 Rh1+ 48. Kg2 Rg1+ 49. Kh3 Kg6 50. b6 g4+ 51. Nxg4 hxg4+ 52. Kxg4 Ne5+
53. Kf4 Re1 54. b7 Rb1 55. Kxe4 Rxb7 56. f4 Nf7 57. Rd4 f5+ 58. Kf3 Rb6 59. g4
Nd6 60. gxf5+ Nxf5 61. Rd2 Nd6 62. Rg2+ Kf6 63. Rh2 Ra6 64. Rc2 Ra3+ 65. Kg4
Ra4 66. Rc6 Ke7 67. Rc7+ Ke6 68. Rc6 Kd5 69. Rc2 Nc4 70. Rh2 Ne3+ 71. Kg5 Ke4
72. Rf2 Ra8 73. Rb2 Rg8+ 74. Kf6 Kxf4 75. Rb4+ Kf3 76. Ra4 Rc8 77. Ra5 Ke4 78.
Ke6 Kd4 79. Kd7 Rc1 80. a4 Nc4 81. Ra7 Rh1 82. Kc7 Kc5 83. a5 Nd6 84. Ra6 Rh7+
85. Kd8 Nb5 86. Ra8 0-1

[Event "Int. Stuttgarter Stadtmeisterschaft B"]
[Site "Ditzingen"]
[Date "2012.05.18"]
[Round "4.50"]
[White "Groeger, Michael"]
[Black "Blum, Michael"]
[Result "1-0"]
[WhiteElo "1635"]
[BlackElo "1576"]
[PlyCount "85"]
[EventDate "2012.??.??"]

1. e4 c5 2. Nf3 d6 3. d4 cxd4 4. Nxd4 Nf6 5. Nc3 a6 6. Bc4 e6 7. O-O Be7 8. Be3
O-O 9. a3 Qc7 10. Bb3 Nbd7 11. Bxe6 Nc5 12. Bd5 Nxd5 13. Nxd5 Qd8 14. f3 Bg5
15. Bf2 Bd7 16. b4 Ne6 17. Nf5 Bc6 18. Nb6 Rb8 19. Nxd6 Bf6 20. Ra2 Be5 21.
Nbc4 Bf4 22. Bg3 Bxg3 23. hxg3 Qg5 24. Qe1 Rbd8 25. f4 Qe7 26. e5 Qc7 27. Qd1
f6 28. Qg4 Nd4 29. Rd1 f5 30. Qh4 Ne2+ 31. Kh2 Nc3 32. Raa1 Nxd1 33. Rxd1 Ba4
34. Ne3 Bxc2 35. Rc1 Qc3 36. Rxc2 Qxe3 37. Rc7 Rxd6 38. exd6 h6 39. d7 g5 40.
Qxh6 gxf4 41. Qxf4 Qe7 42. Qc4+ Kg7 43. d8=Q 1-0

[Event "Int. Stuttgarter Stadtmeisterschaft B"]
[Site "Ditzingen"]
[Date "2012.05.18"]
[Round "4.51"]
[White "Giugno, Carmelo"]
[Black "Grüneschild, Hildegard"]
[Result "1-0"]
[WhiteElo "1511"]
[BlackElo "1613"]
[PlyCount "115"]
[EventDate "2012.??.??"]

1. d4 Nf6 2. c4 g6 3. Nc3 Bg7 4. Bg5 d6 5. Qc1 h6 6. Bd2 Nc6 7. e3 Bf5 8. a3 g5
9. h4 Ne4 10. Nxe4 Bxe4 11. hxg5 hxg5 12. Rxh8+ Bxh8 13. f3 Bg6 14. Qd1 e6 15.
Qa4 Qd7 16. g3 f5 17. Bd3 Bf6 18. g4 Ke7 19. O-O-O a6 20. Ne2 Na7 21. Qc2 Nc6
22. Ng3 Kf7 23. gxf5 exf5 24. Nxf5 Rh8 25. Nxd6+ cxd6 26. Bxg6+ Ke7 27. Bf5 Qe8
28. c5 d5 29. Qb3 Qb8 30. Qxd5 Qd8 31. Qe6+ Kf8 32. Bg6 Qe7 33. Qb3 Rh2 34. f4
gxf4 35. Kb1 f3 36. d5 Ne5 37. d6 Qd7 38. Be4 f2 39. Rf1 Nc6 40. Qc2 Qh3 41.
Qd1 Qg4 42. Bf3 Qf5+ 43. Ka1 Bxb2+ 44. Kxb2 Qxc5 45. Bxc6 bxc6 46. d7 Qb5+ 47.
Bb4+ Kf7 48. Qf3+ Ke6 49. Qg4+ Qf5 50. Qxf5+ Kxf5 51. d8=Q Ke4 52. Qd4+ Kf3 53.
Kc2 Kg2 54. Qd3 Kf3 55. Kd2 Rg2 56. Qe2+ Kg3 57. Bd6+ Kh3 58. Rxf2 1-0

[Event "Int. Stuttgarter Stadtmeisterschaft B"]
[Site "Ditzingen"]
[Date "2012.05.18"]
[Round "4.53"]
[White "Kappus, Holger"]
[Black "Schneider, Stephan"]
[Result "1/2-1/2"]
[WhiteElo "1513"]
[BlackElo "1751"]
[PlyCount "112"]
[EventDate "2012.??.??"]

1. e4 e6 2. d4 d5 3. e5 c5 4. Be3 Nc6 5. Bb5 Qb6 6. Nc3 Bd7 7. Bxc6 Bxc6 8. Rb1
c4 9. a3 Ne7 10. f4 Nf5 11. Bf2 Be7 12. Nf3 O-O 13. g4 Nh6 14. g5 Nf5 15. Rg1
Kh8 16. Nh4 Nxh4 17. Bxh4 f6 18. exf6 gxf6 19. g6 Rg8 20. Qh5 Rg7 21. Bf2 Rag8
22. f5 exf5 23. Qxf5 Qd8 24. Kd2 Rxg6 25. Rxg6 Rxg6 26. Re1 Bd6 27. h4 Qf8 28.
Kc1 Qf7 29. Kb1 Kg7 30. Qf3 f5 31. Ne2 Re6 32. Rg1+ Rg6 33. Rf1 Bd7 34. Nf4
Bxf4 35. Qxf4 Be6 36. h5 Rg4 37. h6+ Kf8 38. Qb8+ Qe8 39. Qxb7 Qe7 40. Qb8+ Kf7
41. Be3 Rg8 42. Qh2 Rg4 43. Qh5+ Kg8 44. Bf4 Qf7 45. Qh2 Qg6 46. Be5 Rg2 47.
Qh1 Qg4 48. Bg7 Qe2 49. Rc1 Rh2 50. Qe1 Qxe1 51. Rxe1 Kf7 52. Re3 f4 53. Rf3
Rh4 54. b4 Rg4 55. Kb2 Kg6 56. b5 Kf5 1/2-1/2

[Event "Int. Stuttgarter Stadtmeisterschaft B"]
[Site "Ditzingen"]
[Date "2012.05.18"]
[Round "4.54"]
[White "Kalwei, Reinhard"]
[Black "Prinz, Philipp"]
[Result "0-1"]
[WhiteElo "1491"]
[BlackElo "1741"]
[PlyCount "52"]
[EventDate "2012.??.??"]

1. e4 c5 2. Nf3 d6 3. d4 cxd4 4. Nxd4 Nf6 5. Nc3 a6 6. Be2 e6 7. O-O Be7 8. Nf3
Qc7 9. Bd3 b5 10. a3 Bb7 11. Re1 Nbd7 12. Qe2 O-O 13. Bf4 e5 14. Nd5 Nxd5 15.
exd5 Bxd5 16. Bg3 f5 17. Nxe5 dxe5 18. Bxe5 Bd6 19. Bxd6 Qxd6 20. Qe7 Qg6 21.
g3 Rad8 22. Qh4 Nf6 23. Re5 Be4 24. Bxe4 Nxe4 25. f3 Qb6+ 26. Kg2 Rd2+ 0-1

[Event "Int. Stuttgarter Stadtmeisterschaft B"]
[Site "Ditzingen"]
[Date "2012.05.18"]
[Round "4.55"]
[White "Wurm, Frank"]
[Black "Lin, Jean-Claude"]
[Result "0-1"]
[WhiteElo "1603"]
[BlackElo "1382"]
[PlyCount "76"]
[EventDate "2012.??.??"]

1. e4 e5 2. Nf3 Nc6 3. Bb5 a6 4. Bxc6 dxc6 5. d3 Qd6 6. b3 Ne7 7. Bb2 Ng6 8.
Nbd2 b5 9. g3 Be7 10. a4 Bh3 11. axb5 cxb5 12. Rg1 O-O 13. Ra2 f5 14. Qa1 Bf6
15. exf5 Bxf5 16. g4 Bxd3 17. cxd3 Qxd3 18. Rg3 Nf4 19. Ng1 Qd5 20. Ba3 c5 21.
Bxc5 e4 22. Qc1 Rfe8 23. Kd1 Nd3 24. Rxd3 exd3 25. Ngf3 Re2 26. Be3 Qd7 27. h3
Qe6 28. Qc5 Rc8 29. Qb6 Qe8 30. Rxa6 Rxf2 31. Qe6+ Qxe6 32. Rxe6 Bb2 33. Nb1
Rxf3 34. Kd2 Rd8 35. h4 Kf7 36. Re4 Rh3 37. g5 Rh2+ 38. Kd1 Rh1+ 0-1

[Event "Int. Stuttgarter Stadtmeisterschaft B"]
[Site "Ditzingen"]
[Date "2012.05.18"]
[Round "4.57"]
[White "Steinhart, Matthias"]
[Black "Gomer, Dieter"]
[Result "0-1"]
[WhiteElo "1771"]
[BlackElo "1565"]
[PlyCount "82"]
[EventDate "2012.??.??"]

1. e4 e5 2. Nf3 Nc6 3. Bb5 a6 4. Ba4 Nf6 5. O-O b5 6. Bb3 Be7 7. Re1 O-O 8. d3
d6 9. c3 Be6 10. Bc2 Nd7 11. h3 f5 12. d4 fxe4 13. Nxe5 Ncxe5 14. dxe5 Nxe5 15.
Bxe4 Rc8 16. f4 Bh4 17. fxe5 Bf2+ 18. Kh1 Bxe1 19. Qxe1 dxe5 20. Nd2 Bd5 21.
Bxd5+ Qxd5 22. Ne4 Rf7 23. Bg5 Rcf8 24. Qe2 h6 25. Bd2 Qd8 26. Rd1 Qh4 27. Qg4
Rf1+ 28. Rxf1 Rxf1+ 29. Kh2 Qxg4 30. hxg4 Ra1 31. a3 Rb1 32. b4 Ra1 33. Nc5
Rxa3 34. Nd7 a5 35. Nxe5 a4 36. Nc6 Ra2 37. Bf4 Ra1 38. Be5 Re1 39. Bg3 a3 40.
Na5 a2 41. Nb3 Rb1 0-1

[Event "Int. Stuttgarter Stadtmeisterschaft B"]
[Site "Ditzingen"]
[Date "2012.05.18"]
[Round "4.58"]
[White "Recker, Martin"]
[Black "Hennig, Jan"]
[Result "1-0"]
[WhiteElo "1864"]
[BlackElo "1753"]
[PlyCount "79"]
[EventDate "2012.??.??"]

1. d4 Nf6 2. Nf3 g6 3. c4 Bg7 4. Nc3 O-O 5. g3 d6 6. Bg2 c6 7. O-O Nbd7 8. Qc2
e5 9. Rd1 Qc7 10. Bg5 a5 11. Rac1 Nh5 12. Be7 Re8 13. dxe5 dxe5 14. Bd6 Qb6 15.
Na4 Qa7 16. c5 Bf8 17. Bc7 Nhf6 18. e4 Bh6 19. Nd2 Re7 20. Nb6 Nxc5 21. Nxa8
Bg4 22. Bb6 Qxa8 23. Bxc5 Bxd1 24. Rxd1 Rd7 25. Nc4 Qd8 26. Rxd7 Nxd7 27. Qd1
Qc8 28. Nb6 Nxb6 29. Bxb6 Qe6 30. Qd8+ Kg7 31. Bc5 g5 32. Qxa5 Qd7 33. Qc3 f6
34. Bf1 g4 35. Qd3 Qe6 36. b3 Bg5 37. Qd1 h5 38. Bc4 Qc8 39. Qd6 h4 40. Be6 1-0

[Event "Int. Stuttgarter Stadtmeisterschaft B"]
[Site "Ditzingen"]
[Date "2012.05.19"]
[Round "5.1"]
[White "Winkler, Tim"]
[Black "Kim, Vladimir"]
[Result "1-0"]
[WhiteElo "1830"]
[BlackElo "1826"]
[PlyCount "107"]
[EventDate "2012.??.??"]

1. e4 e5 2. Nf3 d6 3. Bc4 h6 4. h3 Nf6 5. d3 Nc6 6. Nc3 Na5 7. Bb3 Nxb3 8. axb3
a6 9. Be3 c5 10. Qd2 Be7 11. Nh2 Nh7 12. Nd5 Be6 13. b4 Bxd5 14. exd5 b6 15.
bxc5 dxc5 16. c4 Bg5 17. Nf3 Bxe3 18. Qxe3 O-O 19. O-O f6 20. Rfb1 a5 21. Ra3
Qd7 22. Rba1 Rfb8 23. Nd2 Nf8 24. Ne4 Rc8 25. Rb3 Rab8 26. Rb5 Qd8 27. Ra3 Ra8
28. Qg3 Kh7 29. Qg4 Rcb8 30. h4 g6 31. h5 Ra7 32. hxg6+ Nxg6 33. Qf5 Rf7 34.
Rab3 a4 35. Ra3 Ra8 36. Qe6 Kg7 37. Qxb6 Qc8 38. Qe6 Qf8 39. Nxc5 Nf4 40. Qg4+
Kh8 41. Ne6 Qe7 42. Nxf4 exf4 43. Qxf4 Rg8 44. Rb8 Qe1+ 45. Kh2 Rfg7 46. Rxg8+
Kxg8 47. d4 Qe2 48. d6 Qxb2 49. Rxa4 Qe2 50. Ra8+ Kf7 51. Ra7+ Kf8 52. Qxf6+
Ke8 53. Ra8+ Kd7 54. Qxg7+ 1-0

[Event "Int. Stuttgarter Stadtmeisterschaft B"]
[Site "Ditzingen"]
[Date "2012.05.19"]
[Round "5.2"]
[White "Hamm, Julian"]
[Black "Pfeilsticker, Thorsten"]
[Result "1-0"]
[WhiteElo "1695"]
[BlackElo "1591"]
[PlyCount "93"]
[EventDate "2012.??.??"]

1. c4 c5 2. Nc3 Nc6 3. g3 g6 4. Bg2 Bg7 5. Nf3 Nf6 6. O-O O-O 7. d3 d6 8. Bd2
h6 9. Rb1 a6 10. a3 Rb8 11. b4 b6 12. b5 Na7 13. a4 a5 14. Ne1 Bb7 15. e4 e6
16. f4 Nc8 17. Qb3 Nd7 18. Rd1 f5 19. Ne2 Nf6 20. Qc2 Qc7 21. exf5 exf5 22. d4
Be4 23. Bxe4 Nxe4 24. d5 Qe7 25. Nf3 Re8 26. Rde1 Nxd2 27. Nxd2 Qe3+ 28. Kg2
Qe7 29. Nd4 Qf7 30. Rxe8+ Qxe8 31. Ne6 Qd7 32. Nf3 Ne7 33. Re1 Re8 34. Re3 Kh7
35. Qe2 Bf6 36. h3 Rg8 37. g4 fxg4 38. hxg4 h5 39. g5 Nf5 40. gxf6 Nxe3+ 41.
Qxe3 Kh6 42. Nfg5 Rf8 43. Nxf8 Qg4+ 44. Kf2 Qh4+ 45. Qg3 Qxg3+ 46. Kxg3 h4+ 47.
Kh3 {47. Kh4: patt!} 1-0

[Event "Int. Stuttgarter Stadtmeisterschaft B"]
[Site "Ditzingen"]
[Date "2012.05.19"]
[Round "5.3"]
[White "Engelhardt, Frank"]
[Black "Bälz, Jürgen"]
[Result "1-0"]
[WhiteElo "1892"]
[BlackElo "1795"]
[PlyCount "69"]
[EventDate "2012.??.??"]

1. c4 Nf6 2. d4 e6 3. Nf3 b6 4. Nc3 Bb4 5. a3 Bxc3+ 6. bxc3 Ba6 7. e3 O-O 8.
Bd3 d5 9. cxd5 Bxd3 10. Qxd3 exd5 11. a4 Nbd7 12. Ba3 Re8 13. O-O Ne4 14. c4
dxc4 15. Qxc4 c5 16. Rfd1 Qf6 17. Rac1 Qc6 18. Rc2 Qb7 19. dxc5 Nexc5 20. Bxc5
Nxc5 21. Rd4 Rac8 22. Qa2 Rcd8 23. Rcd2 Qc7 24. Qc2 Rxd4 25. Rxd4 Rd8 26. h3
Qe7 27. Qd1 Rxd4 28. exd4 Qd7 29. Ne5 Qxa4 30. Qf3 Qe8 31. dxc5 bxc5 32. Qd5 g6
33. Qxc5 Qb8 34. Nd7 Qe8 35. Nf6+ 1-0

[Event "Int. Stuttgarter Stadtmeisterschaft B"]
[Site "Ditzingen"]
[Date "2012.05.19"]
[Round "5.5"]
[White "Schmidt, Max"]
[Black "Wohlfahrt, Michael"]
[Result "1-0"]
[WhiteElo "1879"]
[BlackElo "1767"]
[PlyCount "75"]
[EventDate "2012.??.??"]

1. e4 c5 2. Nf3 Nc6 3. d4 cxd4 4. Nxd4 Nf6 5. Nc3 e5 6. Ndb5 d6 7. Bg5 a6 8.
Na3 b5 9. Nd5 Be7 10. Bxf6 Bxf6 11. c4 b4 12. Nc2 Rb8 13. b3 g6 14. g3 Bg7 15.
Bg2 O-O 16. O-O a5 17. a3 bxa3 18. Rxa3 Re8 19. Qd2 Bb7 20. Rd1 Nd4 21. Nc3 Bf8
22. Nxd4 exd4 23. Nb5 d5 24. exd5 Bxd5 25. Rxa5 Bxg2 26. Kxg2 Bc5 27. b4 Bb6
28. Ra2 Qd7 29. Qd3 Qc6+ 30. Kg1 Qe6 31. Rad2 Red8 32. c5 Bxc5 33. bxc5 Rbc8
34. Nxd4 Qe7 35. c6 Qc5 36. Qc2 Qb6 37. Qc3 Rc7 38. Nf5 1-0

[Event "Int. Stuttgarter Stadtmeisterschaft B"]
[Site "Ditzingen"]
[Date "2012.05.19"]
[Round "5.6"]
[White "Helfrich, Leo"]
[Black "Florio, Antonio"]
[Result "1-0"]
[WhiteElo "1871"]
[BlackElo "1737"]
[PlyCount "107"]
[EventDate "2012.??.??"]

1. d4 Nf6 2. c4 e6 3. Nc3 Bb4 4. Qb3 Bxc3+ 5. bxc3 Ne4 6. Nf3 b6 7. e3 O-O 8.
Bd3 f5 9. a4 a5 10. h4 Qf6 11. Ba3 d6 12. Qc2 Bb7 13. O-O-O Nd7 14. Rh2 Rfc8
15. Ne1 d5 16. f3 dxc4 17. Bxc4 Nd6 18. Ba2 b5 19. axb5 Nxb5 20. Qb3 Nxa3 21.
Qxb7 Rab8 22. Qc6 Nf8 23. Nd3 Kh8 24. Qa4 Nb5 25. Kd2 c5 26. Rc1 cxd4 27. cxd4
Rxc1 28. Nxc1 Qd8 29. Nd3 Qc7 30. Rh1 Qc3+ 31. Ke2 Qc7 32. Kf2 Nc3 33. Rc1 Rc8
34. Qa3 a4 35. Nc5 Nxa2 36. Qxa2 Qa7 37. Ra1 Ra8 38. Qxa4 Qxa4 39. Rxa4 Rxa4
40. Nxa4 Kg8 41. Kg3 Kf7 42. Kf4 Ng6+ 43. Kg3 Ne7 44. Nc3 Kf6 45. Kh3 h5 46. g4
g6 47. g5+ Kf7 48. Kg3 Ke8 49. Kf4 Nc6 50. Ne2 Ke7 51. e4 Kd6 52. Ke3 Nb4 53.
Nf4 Nc2+ 54. Kd3 1-0

[Event "Int. Stuttgarter Stadtmeisterschaft B"]
[Site "Ditzingen"]
[Date "2012.05.19"]
[Round "5.7"]
[White "Dölker, Kai"]
[Black "Hartmann, Anatoli"]
[Result "1/2-1/2"]
[WhiteElo "1865"]
[BlackElo "1701"]
[PlyCount "76"]
[EventDate "2012.??.??"]

1. d4 d5 2. Nf3 e6 3. Bf4 Bd6 4. Bg3 Nf6 5. e3 Nc6 6. c4 Bb4+ 7. Nc3 Ne4 8. Qc2
O-O 9. Bd3 f5 10. Ne5 Nxe5 11. Bxe5 c6 12. f3 Nxc3 13. bxc3 Bd6 14. Bxd6 Qxd6
15. O-O Bd7 16. Rab1 dxc4 17. Bxc4 b5 18. Be2 Kh8 19. c4 a6 20. Rfd1 h6 21. Rb2
Qa3 22. Qb3 Qa5 23. Qb4 Qxb4 24. Rxb4 g5 25. d5 exd5 26. cxd5 c5 27. Rb2 c4 28.
a4 Rfe8 29. Kf2 Rab8 30. axb5 Bxb5 31. Rc1 Rbc8 32. Rbc2 Rc5 33. Bxc4 Bxc4 34.
Rxc4 Rxd5 35. Ke2 Rde5 36. R1c3 R5e6 37. Rc6 Kg7 38. Rxe6 Rxe6 1/2-1/2

[Event "Int. Stuttgarter Stadtmeisterschaft B"]
[Site "Ditzingen"]
[Date "2012.05.19"]
[Round "5.8"]
[White "Baumeister, Jürgen"]
[Black "Gampper, Steffen"]
[Result "1/2-1/2"]
[WhiteElo "1850"]
[BlackElo "1539"]
[PlyCount "48"]
[EventDate "2012.??.??"]

1. Nf3 Nf6 2. d4 e6 3. c4 Bb4+ 4. Nbd2 Ne4 5. a3 Bxd2+ 6. Nxd2 d5 7. Nxe4 dxe4
8. b4 O-O 9. g3 f5 10. e3 Nd7 11. h4 Nf6 12. h5 h6 13. Bb2 Qe7 14. Bc3 Rd8 15.
Qb3 Bd7 16. O-O-O b6 17. Be2 a5 18. d5 exd5 19. cxd5 Kh8 20. b5 Be8 21. Kb2 Bf7
22. Bc4 Rd6 23. Bxf6 Qxf6+ 24. Rd4 Rad8 1/2-1/2

[Event "Int. Stuttgarter Stadtmeisterschaft B"]
[Site "Ditzingen"]
[Date "2012.05.19"]
[Round "5.9"]
[White "Gomer, Thomas"]
[Black "Viehoff, Jürgen"]
[Result "1/2-1/2"]
[WhiteElo "1706"]
[BlackElo "1848"]
[PlyCount "51"]
[EventDate "2012.??.??"]

1. e4 c6 2. Nc3 d5 3. exd5 cxd5 4. d4 Bf5 5. Bd3 Bxd3 6. Qxd3 Nc6 7. Nf3 Nf6 8.
a3 e6 9. Bf4 a6 10. O-O Bd6 11. Bg3 O-O 12. Ne5 Rc8 13. Rfe1 Qc7 14. Nxc6 Qxc6
15. Bxd6 Qxd6 16. Ne2 Qc6 17. c3 Qc4 18. Qxc4 dxc4 19. f3 Rfd8 20. Ng3 Nd5 21.
Re4 Rc6 22. Ne2 Rb6 23. Ra2 a5 24. Nf4 Nxf4 25. Rxf4 e5 26. dxe5 1/2-1/2

[Event "Int. Stuttgarter Stadtmeisterschaft B"]
[Site "Ditzingen"]
[Date "2012.05.19"]
[Round "5.10"]
[White "Gheng, Christian"]
[Black "Issaad, Pascal"]
[Result "0-1"]
[WhiteElo "1686"]
[BlackElo "1828"]
[PlyCount "52"]
[EventDate "2012.??.??"]

1. e4 Nf6 2. e5 Nd5 3. c4 Nb6 4. d4 d6 5. f4 dxe5 6. fxe5 Nc6 7. Be3 Bf5 8. Nc3
e6 9. a3 Qd7 10. h3 f6 11. g4 Bg6 12. exf6 gxf6 13. Nf3 Bg7 14. b4 f5 15. Qd2
fxg4 16. hxg4 Rf8 17. Rh3 O-O-O 18. O-O-O Qe7 19. Qb2 e5 20. d5 Nd4 21. Bg5 Qf7
22. Nxd4 exd4 23. Nb5 d3 24. Nc3 Qxf1 25. Rh1 Qf7 26. Bxd8 Na4 0-1

[Event "Int. Stuttgarter Stadtmeisterschaft B"]
[Site "Ditzingen"]
[Date "2012.05.19"]
[Round "5.11"]
[White "Nusser, Jens"]
[Black "Steinmassl, Guido"]
[Result "1-0"]
[WhiteElo "1823"]
[BlackElo "1567"]
[PlyCount "60"]
[EventDate "2012.??.??"]

1. d4 Nf6 2. c4 g6 3. Nc3 Bg7 4. e4 d6 5. f4 O-O 6. Nf3 c5 7. d5 Na6 8. Be2 Re8
9. O-O Ng4 10. h3 Nh6 11. Be3 f6 12. Qd2 Nf7 13. g4 e5 14. fxe5 fxe5 15. Ng5
Re7 16. Nxf7 Rxf7 17. Rxf7 Kxf7 18. Rf1+ Kg8 19. Bg5 Qd7 20. Bd1 Bf8 21. Ba4
Qg7 22. Bf6 Qh6 23. Qxh6 Bxh6 24. Be7 Be3+ 25. Kg2 Nb4 26. Bxd6 Nd3 27. Rf8+
Kg7 28. Bd7 Bxd7 29. Rxa8 Bg5 30. Rxa7 Kh6 1-0

[Event "Int. Stuttgarter Stadtmeisterschaft B"]
[Site "Ditzingen"]
[Date "2012.05.19"]
[Round "5.12"]
[White "Gomer, Dieter"]
[Black "Schömbs, Oliver"]
[Result "0-1"]
[WhiteElo "1565"]
[BlackElo "1865"]
[PlyCount "62"]
[EventDate "2012.??.??"]

1. d4 Nf6 2. c4 c5 3. e3 g6 4. Nc3 Bg7 5. Nf3 O-O 6. Be2 cxd4 7. exd4 d6 8. Bd2
Nc6 9. d5 Nb4 10. Nb5 Na6 11. Nc3 Nc5 12. Qc1 Qb6 13. Be3 Ng4 14. O-O Nxe3 15.
fxe3 Bf5 16. Qd2 Rac8 17. Nd4 Ne4 18. Nxe4 Bxe4 19. Bf3 Bxf3 20. Rxf3 Rxc4 21.
Nb3 Rfc8 22. Qf2 Rc2 23. Qf1 Rxb2 24. Rxf7 Bf6 25. Rxf6 exf6 26. Qxf6 Qxe3+ 27.
Kh1 Qe2 28. Qg5 Rf8 29. h3 Qe5 30. Qc1 Rbf2 31. Nd2 Qg3 0-1

[Event "Int. Stuttgarter Stadtmeisterschaft B"]
[Site "Ditzingen"]
[Date "2012.05.19"]
[Round "5.13"]
[White "Hamm, Lukas"]
[Black "Schmitz, Harald"]
[Result "1/2-1/2"]
[WhiteElo "1890"]
[BlackElo "1733"]
[PlyCount "57"]
[EventDate "2012.??.??"]

1. e4 e6 2. d3 d5 3. Nd2 c5 4. Ngf3 Nc6 5. g3 Be7 6. Bg2 Nh6 7. O-O O-O 8. Re1
b6 9. Nf1 Bb7 10. Bxh6 gxh6 11. exd5 exd5 12. Ne3 Qd7 13. Qd2 Bf6 14. c3 Rae8
15. Nc2 Ne7 16. Qxh6 Ng6 17. Ng5 Bxg5 18. Qxg5 Rxe1+ 19. Rxe1 Re8 20. Qd2 Rxe1+
21. Qxe1 Qb5 22. Ne3 Qxd3 23. h4 Ne5 24. Nxd5 Bxd5 25. Qxe5 Qb1+ 26. Kh2 Bxg2
27. Kxg2 Qxb2 28. h5 h6 29. Qe8+ 1/2-1/2

[Event "Int. Stuttgarter Stadtmeisterschaft B"]
[Site "Ditzingen"]
[Date "2012.05.19"]
[Round "5.14"]
[White "Hupfer, Garlef"]
[Black "Mavropoulos, Georgios"]
[Result "0-1"]
[WhiteElo "1685"]
[BlackElo "1872"]
[PlyCount "116"]
[EventDate "2012.??.??"]

1. e4 c5 2. Nc3 e6 3. f4 Nc6 4. Nf3 a6 5. g3 b5 6. Bg2 Bb7 7. b3 d6 8. Bb2 Qc7
9. a4 b4 10. Ne2 Nf6 11. Bxf6 gxf6 12. d3 O-O-O 13. Nd2 Kb8 14. Ra2 Ne7 15. c3
bxc3 16. Nxc3 f5 17. Rg1 fxe4 18. Ncxe4 Bg7 19. Ng5 Nf5 20. Bxb7 Qxb7 21. Ngf3
Bc3 22. Kf2 h5 23. Ne4 Bb4 24. Rc2 Qb6 25. Ke2 Rhe8 26. Ned2 d5 27. h3 Rg8 28.
g4 hxg4 29. hxg4 Nh6 30. g5 Nf5 31. Rc1 Rh8 32. Rg2 Rh3 33. Nf1 Rdh8 34. Ne5
Qb7 35. Nf3 d4 36. Kf2 Qc7 37. Ne5 Nh4 38. Rg3 Ng6 39. Qf3 Nxe5 40. fxe5 Rh1
41. Qf4 Qb7 42. Qf3 R8h5 43. Qxb7+ Kxb7 44. Kg2 Kc6 45. Rc2 Kd5 46. Re2 Ba5 47.
Rf3 R1h4 48. Rxf7 Rxg5+ 49. Kf3 Rh3+ 50. Kf2 Rg6 51. Ra7 Rxd3 52. Rxa6 Bc7 53.
Nd2 Bxe5 54. Nc4 Bg3+ 55. Kg2 Bc7+ 56. Kf2 Rxb3 57. Nb2 Bg3+ 58. Kg2 Bf4+ 0-1

[Event "Int. Stuttgarter Stadtmeisterschaft B"]
[Site "Ditzingen"]
[Date "2012.05.19"]
[Round "5.15"]
[White "Krämer, Heinz"]
[Black "Kohler, Manuel"]
[Result "0-1"]
[WhiteElo "1699"]
[BlackElo "1860"]
[PlyCount "84"]
[EventDate "2012.??.??"]

1. e4 d5 2. exd5 Nf6 3. Bb5+ Bd7 4. Bc4 c6 5. dxc6 Nxc6 6. Nf3 Bg4 7. O-O e6 8.
c3 Bd6 9. d4 Qc7 10. Be3 Bxh2+ 11. Kh1 h5 12. Nbd2 h4 13. Qa4 h3 14. Ne5 hxg2+
15. Kxg2 Bh3+ 16. Kxh2 Bxf1+ 17. Kg1 Bxc4 18. Ndxc4 Nd5 19. f4 Nxe3 20. Nxe3
O-O-O 21. Rf1 f6 22. Nxc6 Qxc6 23. Qxc6+ bxc6 24. Ng2 Rh5 25. Re1 e5 26. fxe5
fxe5 27. Re4 exd4 28. cxd4 Rhd5 29. Re6 R5d6 30. Re7 R8d7 31. Re8+ Kb7 32. Re3
Rxd4 33. Rb3+ Kc8 34. Rc3 Kc7 35. Ne3 Rd3 36. Rxd3 Rxd3 37. Nc4 Rd4 38. Ne3 Rd2
39. Nc4 Rc2 40. b3 Rxc4 41. bxc4 Kd6 42. Kf2 Kc5 0-1